000 00671nam a2200253Ia 4500
003 OSt
005 20220918174311.0
006 a|||||r|||| 00| 0
007 ta
008 220917b |||||||| |||| 00| 0 eng d
024 _a11,536
037 _cTextual
040 _aARTS
_cARTS
_beng
041 _2eng
_aeng
082 _a/\2xM66:2, K0 (O44)
100 _aAbhedananda
_944350
245 0 _aLife beyond death
_b a critical study in spiritualism
250 _a3rd
260 _c1960
490 _aAdhedananda memorial series; 1
650 _aSPIRITUALISM
942 _h/\2xM66:2, K0 (O44)
_cTEXL
_2CC
999 _c152627
_d152627